000 00387 a2200157 4500
001 61010
020 _a8585653337
040 _cAnchieta - Pituba
100 _aSilva, Zina Bellodi
240 1 0 _aAntologia escolar de literatura brasileira
_lpor
245 1 0 _aAntologia escolar de literatura brasileira
300 _a406
362 0 _a1998
650 4 _aPoesia brasileira
942 _cBK
999 _c61010
_d61010